Un cuarto de siglo
Guardat en:
| Autor corporatiu: | |
|---|---|
| Format: | Llibre |
| Idioma: | espanyol |
| Publicat: |
Talca
Universidad de Talca
2006
|
| Matèries: | |
| Etiquetes: |
Afegir etiqueta
Sense etiquetes, Sigues el primer a etiquetar aquest registre!
|
MARC
| LEADER | 00000nam a2200000 a 4500 | ||
|---|---|---|---|
| 001 | UCH3626 | ||
| 003 | CL-VaPUC | ||
| 008 | 090813e20060000CL |||||||||||||||||spa|d | ||
| 020 | |a 9567059705 | ||
| 082 | 0 | 4 | |a 378.983 |b UNI |2 21 |
| 110 | 2 | |a Universidad de Talca |e author |9 539090 | |
| 245 | 1 | 3 | |a Un cuarto de siglo |
| 300 | |a 140 p | ||
| 942 | |c BK | ||
| 945 | |d 20090813 00:00:00 |a rbrito | ||
| 260 | |a Talca |b Universidad de Talca |c 2006 | ||
| 600 | 0 | 7 | |a UNIVERSIDAD DE TALCA |2 CL-VaPUC |9 539091 |
| 650 | 0 | |a Educación superior |9 223851 | |
| 651 | 0 | |a Talca |9 265150 | |
| 651 | 7 | |a CHILE |2 CL-VaPUC |9 539092 | |
| 583 | |a last modification |c 20170727 04:38:16 |k Rodrigo Vera | ||
| 999 | |c 335109 |d 335107 | ||
| 952 | |0 0 |1 0 |4 0 |6 378_983000000000000_UNI_2006 |7 0 |8 X |9 424689 |a FDOBUD |b FDOBUD |d 2019-11-22 |i 4587464 |o 378.983 UNI 2006 |p 4587464 |r 2019-11-22 |w 2019-11-22 |y BK_X |k BUD | ||